Digital signal processing system-level design using LabVIEW (E-Book) (Record no. 196722)
[ view plain ]
| 000 -LEADER | |
|---|---|
| fixed length control field | 00553 a2200169 4500 |
| 003 - CONTROL NUMBER IDENTIFIER | |
| control field | Nust |
| 005 - DATE AND TIME OF LATEST TRANSACTION | |
| control field | 20170207154320.0 |
| 020 ## - INTERNATIONAL STANDARD BOOK NUMBER | |
| International Standard Book Number | 0-7506-7914-X |
| 040 ## - CATALOGING SOURCE | |
| Transcribing agency | Nust |
| 100 1# - MAIN ENTRY--PERSONAL NAME | |
| Personal name | Kehtarnavaz, Nasser |
| 245 10 - TITLE STATEMENT | |
| Title | Digital signal processing system-level design using LabVIEW (E-Book) |
| Statement of responsibility, etc. | by Nasser Kehtarnavaz and Namjin Kim |
| 260 ## - PUBLICATION, DISTRIBUTION, ETC. | |
| Place of publication, distribution, etc. | Amsterdam : |
| Name of publisher, distributor, etc. | Elsevier ; |
| Place of publication, distribution, etc. | Oxford : |
| Name of publisher, distributor, etc. | Newnes, |
| Date of publication, distribution, etc. | cop. 2005 |
| 300 ## - PHYSICAL DESCRIPTION | |
| Extent | xii, 290 s. : |
| Other physical details | ill.+ |
| Accompanying material | 1 CD-ROM |
| 650 #0 - SUBJECT ADDED ENTRY--TOPICAL TERM | |
| Topical term or geographic name entry element | Digital signalbehandling |
| 650 #0 - SUBJECT ADDED ENTRY--TOPICAL TERM | |
| Topical term or geographic name entry element | Telecommunications engineering - (E-BOOK) |
| 700 1# - ADDED ENTRY--PERSONAL NAME | |
| Personal name | Kim, Namjin |
| 942 ## - ADDED ENTRY ELEMENTS (KOHA) | |
| Source of classification or shelving scheme | |
| Koha item type | Book |
| Withdrawn status | Lost status | Source of classification or shelving scheme | Damaged status | Not for loan | Collection code | Permanent Location | Current Location | Date acquired | Total Checkouts | Full call number | Barcode | Date last seen | Price effective from | Koha item type |
|---|---|---|---|---|---|---|---|---|---|---|---|---|---|---|
| Military College of Signals (MCS) | Military College of Signals (MCS) | 12/12/2016 | 621.367 KEH | MCSEB-3115 | 12/08/2016 | 12/12/2016 | Book |
